Top 15 World Countries by Quality of Life - Statistics

General Stats
  • This quiz has been taken 311 times
  • The average score is 12 of 15
Answer Stats
Hint Answer % Correct
Canada
92%
Denmark
92%
Norway
92%
Sweden
92%
Finland
89%
Switzerland
89%
Australia
87%
New Zealand
83%
Iceland
79%
Ireland
76%
Spain
74%
Italy
70%
Luxembourg
69%
Singapore
65%
United States
24%
No matching quizzes found
Score Distribution
Percent of People with Each Score
Percentile by Number Answered
Your Score History
You have not taken this quiz